| 000 | 01210nam a22002777a 4500 | ||
|---|---|---|---|
| 001 | BR2017000635 | ||
| 003 | BR-BrBNA | ||
| 005 | 20230928105045.0 | ||
| 007 | ta | ||
| 008 | 230509b bl.||||| |||| 00| 0 por d | ||
| 040 |
_aBR-BrBNA _bpor _cBiblioteca Nacional de Agricultura |
||
| 041 | _a(Por) | ||
| 072 | _aE14 | ||
| 090 | _ E14 BR2017000635 | ||
| 110 | 1 |
_aMinistério da Agricultura, Pecuária e Abastecimento, Brasília, DF (Brasil). Coord. Geral de Desenvolvimento de Pessoas _97280 |
|
| 245 | 1 | _aElaboração do documento contendo as ações de educação continuada no formato de trilhas de aprendizagem do Mapa, sendo realizado no âmbito do projeto de cooperação técnica TCP/BRA/IICA/05/002, especificado no item 1, alínea "A" das declarações em contrato celebrado entre o IICA e a OMN13, de acordo com o edital 019/2010; elaboração do documento contendo projeto político pedagógico | |
| 260 | 3 |
_aBrasília, DF (Brasil): _c[nd]. |
|
| 300 | _a125 p. | ||
| 500 | _aPublished 2010?; 8 ref.; 4 illus.; 55 tables | ||
| 650 | _aEDUCAÇÃO | ||
| 650 | _aAPRENDIZAGEM | ||
| 650 | _aPOLÍTICA EDUCACIONAL | ||
| 650 | _aGESTÃO | ||
| 909 |
_a202309 _bLucia _c55 _dLucia Elande |
||
| 942 | _cBK | ||
| 999 |
_c83177 _d83177 |
||